000 00428nam a22001697a 4500
005 20251108170626.0
008 250721s1972 xx 000 0 eng d
082 1 4 _a949.4/SOR
100 1 _aSorell, Walter
245 1 4 _aThe Swiss :
_bA Cultural Panorama of Switzerland /
264 1 _aLondon :
_bOswald Wolff,
_c1972.
300 _a303p
650 1 7 _aHistory
650 1 7 _aSwitzerland
942 _2ddc
_cBK
999 _c45117
_d45117